Percy Jackson Characters Quiz Stats

 Plays Quiz not verified by Sporcle

Challenge
Share
Tweet
Embed
Score 0/11 Timer 06:00
0 Plays Today
Nicknames/child of the god Characters % Correct
Seaweed Brain; son of PoseidonPercy Jackson
91.2%
Wise Girl; Princess; daughter of AthenaAnnabeth Chase
85%
Mr.Brunner Chiron
83.2%
G-Man; goat boy; satyrGrover Underwood
82.2%
Zeus' daughter Thalia Grace
82.2%
Traitor; Kronos; son of HermesLuke Castellan
79.7%
Beckendorf; Hephaestus's sonCharlie
78%
Grover's girlfriend Juniper
77.5%
Ghost King; Hades' sonNico diAngelo
75.9%
Ares' daughter Clarisse La Rue
74.9%
Beckendorf's girlfriend; the spySilena Beauregard
53.8%

You're not logged in!

Compare scores with friends on all Sporcle quizzes.
Join for Free
OR
Log In

You Might Also Like...

Show Comments

Extras

Top Quizzes Today


Score Distribution

Your Account Isn't Verified!

In order to create a playlist on Sporcle, you need to verify the email address you used during registration. Go to your Sporcle Settings to finish the process.

Report this User

Report this user for behavior that violates our Community Guidelines.

Details: